Biografía dominicanas:1-Minerva Mirabal, 2-Manuel Rodríguez Objío, 3-Buenaventura Báez, 4-Antonio Duvergé, 5-Fernando Arturo de Meriño, 6- Tomás Bobadilla, 7-Ramón Natera, 8-Américo Lugo, 9-Mauricio Báez, 10-Andrés López de Medrano, 11-Francisco Alberto Caamaño Deño, 12-Juan Pablo Duarte, 13- Francisco del Rosario Sánchez, 14-Ramón Matías Mella, 15-Máximo Gómez, 16-Pedro Alejandro Pina, 17-Gaspar Polanco, 18-Juan Sánchez Ramirez, 19-Gregorio Luperón, 20-Pedro Santana, 21-Pedro Francisco Bonó, 22-María Trinidad Sánchez, 23- Eugenio María de Hostos, 24-Eugenio Deschamps, 25-Olivario Mateo, 26-José María Cabral, 27-Ulises Hereaux, 28-José Joaquín Puello, 29-Antonio Sánchez Valverde, 30-José Núñez de Cáceres, 31-Salomé Ureña, 32-Juan Bosch, 33 Manuel A. Tavárez Justo, 34 Ulises Fco. Espaillat (Record no. 7674)
[ view plain ]
| 000 -LEADER | |
|---|---|
| campo de control de longitud fija | 01135nam a2200133Ia 4500 |
| 001 - NÚMERO DE CONTROL | |
| campo de control | 3380 |
| 008 - DATOS DE LONGITUD FIJA--INFORMACIÓN GENERAL | |
| campo de control de longitud fija | 241024s9999 xx 000 0 und d |
| 082 ## - NÚMERO DE LA CLASIFICACIÓN DECIMAL DEWEY | |
| Número de clasificación | RD/920.97293/C343b |
| 100 ## - ENTRADA PRINCIPAL--NOMBRE DE PERSONA | |
| Nombre de persona | Roberto Cassá |
| 245 #0 - MENCIÓN DEL TÍTULO | |
| Título | Biografía dominicanas:1-Minerva Mirabal, 2-Manuel Rodríguez Objío, 3-Buenaventura Báez, 4-Antonio Duvergé, 5-Fernando Arturo de Meriño, 6- Tomás Bobadilla, 7-Ramón Natera, 8-Américo Lugo, 9-Mauricio Báez, 10-Andrés López de Medrano, 11-Francisco Alberto Caamaño Deño, 12-Juan Pablo Duarte, 13- Francisco del Rosario Sánchez, 14-Ramón Matías Mella, 15-Máximo Gómez, 16-Pedro Alejandro Pina, 17-Gaspar Polanco, 18-Juan Sánchez Ramirez, 19-Gregorio Luperón, 20-Pedro Santana, 21-Pedro Francisco Bonó, 22-María Trinidad Sánchez, 23- Eugenio María de Hostos, 24-Eugenio Deschamps, 25-Olivario Mateo, 26-José María Cabral, 27-Ulises Hereaux, 28-José Joaquín Puello, 29-Antonio Sánchez Valverde, 30-José Núñez de Cáceres, 31-Salomé Ureña, 32-Juan Bosch, 33 Manuel A. Tavárez Justo, 34 Ulises Fco. Espaillat |
| 260 ## - PUBLICACIÓN, DISTRIBUCIÓN, ETC. | |
| Nombre del editor, distribuidor, etc. | Tobogán |
| Fecha de publicación, distribución, etc. | 2007 |
| 901 ## - ELEMENTOS DE DATOS A LOCAL LDA (RLIN) | |
| a | 11/10/2013 11:19:40 a.m. |
No items available.